Zvukové nahrávky
Uloženo v:
LEADER 02185njm a2200505 a 4500
001 000266747
003 CZ BrMZK
005 20210519195757.0
008 950101s1991 xx f und d
028 0 3 |a S3K 45763  |b Sony classical 
040 |a BOA001  |b cze 
080 |a 792.54(086.7)  |2 MRF 
080 |a 782.1(47)(086.7)  |2 MRF 
100 1 |a Musorgskij, Modest Petrovič,  |d 1839-1881  |7 jn20000604107  |4 cmp 
245 1 0 |a Boris Godunov  |h [zvukový záznam] :  |b opera in four acts with a prologue /  |c Modest Petrovich Mussorgsky 
260 |a [S.l.] :  |b Sony Classical,  |c p1991 
300 |a 3 CD :  |b DDD ;  |c 12 cm +  |e 1 brožura (264 s.). 
306 |a 011155  |a 011415  |a 011437 
500 |a Text a libreto v brož. vícejaz. 
500 |a Nahr. 1986 
500 |a Durata 71:55, 74:15, 74:37 
511 0 |a Angel Petkov, zpěv; Boris Martinovich, zpěv; Dimiter Petkov, zpěv ... [et al.]. Sofia National Opera Chorus, sbm. Lyubomir Karoleev, Hristo Kazandjiev; Bodra Smyana Representative Children's Choir, sbm. Liliana Bocheva; Sofia FestivalOrchestra, dir. Emil Tchakarov. 
653 0 |a opery  |a ruské operní texty 
700 1 |a Petkov, Angel  |4 prf 
700 1 |a Petkov, Dimităr,  |d 1938-2005  |7 pna2005311960  |4 prf 
700 1 |a Popov, Mincho  |7 mzk2009512062  |4 prf 
700 1 |a Čakarov, Emil,  |d 1948-1991  |7 mzk2009512063  |4 cnd 
700 1 |a Troeva-Mircheva, Rossitza  |4 prf 
700 1 |a Videnov, Lyubomir  |4 prf 
700 1 |a Bočeva, Liljana Bončeva,  |d 1924-2005  |7 xx0167399  |4 cnd 
700 1 |a Chiaurov, Nicolai  |4 prf 
700 1 |a Frank, Josef,  |c pěvec  |4 prf 
700 1 |a Gjuzelev, Nikola Nikolaev,  |d 1936-2014  |7 xx0172838  |4 prf 
700 1 |a Hadjieva, Lyudmila  |4 prf 
700 1 |a Kaludov, Kaludi  |4 prf 
700 1 |a Karoleev, Lyubomir  |4 cnd 
700 1 |a Kazandjiev, Hristo  |4 cnd 
700 1 |a Martinovich, Boris,  |d 1954-  |7 jx20031124121  |4 prf 
710 2 |a Chor "Bodra smjana"  |7 xx0075342 
710 2 |a Sofijski festivalen orkestăr  |7 mzk2008451431 
710 2 |a Sofia National Opera Chorus 
910 |a BOA001  |b CD-0001.847 
964 |a Opery  |x texty ruské  |x CD 
990 |a AV 
996 6 |b 261H001880  |c CD-0001.847  |l MZK  |r Sklad / do 24 hodin  |n 0  |w 000266747  |u 000010  |a 1  |e BOA001  |j MZK50  |s P